|
|
|
|
| LEADER |
00000naa a2200000uu 4500 |
| 001 |
vtls010920087 |
| 003 |
SK-MaSNL |
| 005 |
20260302143007.0 |
| 008 |
220808|1989 xo |||||||||||||||||slo| |
| 015 |
|
|
|a SNBRA
|
| 035 |
|
|
|a (urnnbn)urn:nbn:sk:snk:ar-a0cz5x
|
| 035 |
|
|
|a (uuid)6082db6d-7e08-4482-a0f7-c73cdc43ee0c
|
| 035 |
|
|
|a urn:nbn:sk:snk-aatnvf
|
| 040 |
|
|
|a SNKBUCL
|b slo
|c SNKBUCL
|e AACR2
|
| 041 |
0 |
|
|a slo
|
| 044 |
|
|
|a xo
|c SK
|
| 245 |
0 |
0 |
|a KRAFFTOVÁ-BELLOVÁ, Gusta
|b koncertná speváčka, učiteľka spevu (5. 6. 1884 Sibiu, RSR - ?)
|
| 600 |
1 |
7 |
|a Krafftová-Bellová, Gusta,
|d 1884-1961
|2 SNKMA
|9 250939
|
| 655 |
|
7 |
|a biografické heslá
|2 SNKPH
|9 368942
|
| 773 |
0 |
|
|t Slovenský biografický slovník : (od roku 833 do roku 1990). III. zväzok, K-L
|d Martin : Matica slovenská, 1989
|g S. 224-225
|z 8070900199 viaz
|
| 954 |
|
|
|a odborná, vedecká literatúra pôvodná (slovenská)
|2 lita
|
| 958 |
|
|
|a BX
|
| 958 |
|
|
|a OND
|
| 958 |
|
|
|a chapter
|
| 958 |
|
|
|a article25
|
| 999 |
|
|
|c 1341921
|d 1343851
|